NFL Traded Players Pt. 2 - Statistics

General Stats
  • This quiz has been taken 71 times
  • The average score is 6 of 13
Answer Stats
Positions Teams Answer % Correct
QB Seahawks,Broncos, Steelers Russel Wilson
100%
WR Falcons,Titans, Bucs Julio Jones
61%
RB Bills,Seahawks, Raiders Marshawn Lynch
57%
RB Chiefs,Browns, Chiefs Kareem Hunt
55%
RB Chargers,Jets Ladainian Tomlinson
52%
WR Dolphins,Browns, Saints Jarvis Landry
48%
QB Jaguars, Rams, Broncos, Rams, Packers, Saints Blake Bortles
39%
WR Bengals,Patriots, Dolphins Chad "Ochocinco" Johnson
32%
TE Ravens,Raiders, Giants Darren Waller
32%
QB Bucs,49ers Steve Young
32%
TE Seahawks,Packers, Bears Jimmy Graham
29%
TE Chargers,Patriots Hunter Henry
23%
NVP Bears,Bills, Steelers Mitch Trubisky
18%
No matching quizzes found
Score Distribution
Percent of People with Each Score
Percentile by Number Answered
Your Score History
You have not taken this quiz